Circuitos de cultura circuitos de comunicación: un protocolo analítico de la integración, la producción y la recepción /
Gespeichert in:
| 1. Verfasser: | |
|---|---|
| Format: | Text |
| Tags: |
Tag hinzufügen
Keine Tags, Fügen Sie den ersten Tag hinzu!
|
MARC
| LEADER | 00000 a a2200000 04500 | ||
|---|---|---|---|
| 001 | 7764 | ||
| 003 | |||
| 040 | |||
| 100 | |a Escosteguy, Ana Carolina D. | ||
| 245 | |a Circuitos de cultura circuitos de comunicación: |b un protocolo analítico de la integración, la producción y la recepción / |c Ana Carolina D. Escosteguy | ||
| 773 | |g volumen 14, número 27; páginas 149-167 | ||
| 999 | |c 20932 |d 20932 | ||
